Score 0/29 Timer 08:00
1 Play Today
Rank Company % Correct
6Volkswagen
88.8%
52BMW Group
86.1%
17Daimler
54.7%
189Deutsche Bank
54.7%
174Bayer
45.7%
66Siemens
44.4%
34Allianz
36.3%
303Lufthansa Group
32.7%
76Robert Bosch
30.9%
77Deutsche Telekom
28.3%
126BASF
28.3%
117Deutsche Post DHL Group
26.9%
212Deutsche Bahn
24.7%
443SAP
20.2%
224ThyssenKrupp
18.8%
Rank Company % Correct
123Metro
14.8%
213Continental
14.8%
231E.ON
14.8%
195RWE
13%
109Munich Re Group
12.6%
499TUI
7.6%
335Fresenius
6.7%
263ZF Friedrichshafen
5.8%
309Edeka Zentrale
5.8%
327DZ Bank
3.6%
91Uniper
3.1%
302Talanx
1.8%
457Heraeus Holding
1.8%
403Phoenix Pharmahandel
1.3%
Come Together.
Have Fun.
All Virtual.
We all need to come together. Play Sporcle's virtual live trivia to have fun, connect with people, and get your trivia on. Join a live hosted trivia game for your favorite pub trivia experience done virtually. If a virtual private party is more your thing, go here for details.

You're not logged in!

Compare scores with friends on all Sporcle quizzes.
OR
Log In

Sporcle TV

Today on Sporcle TV


Watch our educational content, quiz creation guides, and fun videos on Sporcle TV.

Show Comments

Extras

Top Quizzes Today


Score Distribution

Paid Content

Your Account Isn't Verified!

In order to create a playlist on Sporcle, you need to verify the email address you used during registration. Go to your Sporcle Settings to finish the process.

Report this User

Report this user for behavior that violates our Community Guidelines.

Details: